More than a carpenter / (Record no. 5752)
[ view plain ]
| 000 -LEADER | |
|---|---|
| fixed length control field | 00718cam a2200241Ia 4500 |
| 001 - CONTROL NUMBER | |
| control field | 18447103 |
| 003 - CONTROL NUMBER IDENTIFIER | |
| control field | OCoLC |
| 005 - DATE AND TIME OF LATEST TRANSACTION | |
| control field | 20190109181251.0 |
| 008 - FIXED-LENGTH DATA ELEMENTS--GENERAL INFORMATION | |
| fixed length control field | 880906t19821977ilu b 000 0 eng d |
| 020 ## - INTERNATIONAL STANDARD BOOK NUMBER | |
| International Standard Book Number | 0842345523 (pbk.) : |
| Terms of availability | $2.50 |
| 040 ## - CATALOGING SOURCE | |
| Original cataloging agency | AZD |
| Transcribing agency | AZD |
| Modifying agency | SLC |
| -- | BGU |
| 082 ## - DEWEY DECIMAL CLASSIFICATION NUMBER | |
| Classification number | 225 |
| Item number | M478m |
| 090 ## - LOCALLY ASSIGNED LC-TYPE CALL NUMBER (OCLC); LOCAL CALL NUMBER (RLIN) | |
| Classification number (OCLC) (R) ; Classification number, CALL (RLIN) (NR) | BT202 |
| Local cutter number (OCLC) ; Book number/undivided call number, CALL (RLIN) | .M3953 1982 |
| 092 ## - LOCALLY ASSIGNED DEWEY CALL NUMBER (OCLC) | |
| Classification number | 232 |
| Item number | MCDO |
| 100 1# - MAIN ENTRY--PERSONAL NAME | |
| Personal name | McDowell, Josh |
| 245 10 - TITLE STATEMENT | |
| Title | More than a carpenter / |
| Statement of responsibility, etc. | Josh McDowell |
| Remainder of title | new testament |
| 250 ## - EDITION STATEMENT | |
| Edition statement | Living Books ed |
| 260 ## - PUBLICATION, DISTRIBUTION, ETC. | |
| Place of publication, distribution, etc. | carol stream |
| Name of publisher, distributor, etc. | Living Books, Tyndal house publishing house/ |
| Date of publication, distribution, etc. | 1982, c1977 |
| 300 ## - PHYSICAL DESCRIPTION | |
| Extent | 230 p. ; |
| Dimensions | 18 cm |
| 504 ## - BIBLIOGRAPHY, ETC. NOTE | |
| Bibliography, etc. note | Includes bibliographical references |
| 600 00 - SUBJECT ADDED ENTRY--PERSONAL NAME | |
| Personal name | Jesus Christ |
| General subdivision | Person and offices |
| 942 ## - ADDED ENTRY ELEMENTS (KOHA) | |
| Source of classification or shelving scheme | Dewey Decimal Classification |
| Koha item type | Books |
| Withdrawn status | Lost status | Source of classification or shelving scheme | Damaged status | Not for loan | Collection code | Home library | Current library | Shelving location | Date acquired | Cost, normal purchase price | Total Checkouts | Full call number | Barcode | Date last seen | Price effective from | Koha item type |
|---|---|---|---|---|---|---|---|---|---|---|---|---|---|---|---|---|
| Dewey Decimal Classification | Non-fiction | Harvest Mission College | Harvest Mission College | General Stacks | 09.01.2019 | 250.00 | 225 M478m | 006533 | 09.01.2019 | 09.01.2019 | Books |
